Largest Cities in Mexico: Sudden Death - Statistics

General Stats
  • This quiz has been taken 139 times
  • The average score is 9 of 12
Answers on the Grid
Answers color-coded by a green-red scale on the quiz's grid according to % correct below.
Mexico City
Puebla
Rio de Janeiro
Medellin
Tijuana
Recife
Tenerife
San Salvador
Kings of Leon
Leon
Monterrey
Merida
El Paso
Ecatepec
Ciudad Juárez
Valencia
Zapopan
Guadalajara
Deadwood
Sioux Falls
Chihuahua
Fortaleza
Nezahualcóyotl
Tequila
 
Answer Stats
Answer % Correct
Mexico City
92%
Guadalajara
85%
Tijuana
82%
Chihuahua
79%
Ciudad Juárez
79%
Monterrey
75%
Puebla
71%
Merida
61%
Leon
59%
Nezahualcóyotl
59%
Ecatepec
57%
Zapopan
55%
No matching quizzes found
Score Distribution
Percent of People with Each Score
Percentile by Number Answered
Your Score History
You have not taken this quiz